Fray Joseph Francisco Xavier de Guzmán y Lecaroz (1759-1840) y el chileno instruido en la historia topográfico, civil y política de su país /

Con el siguiente estudio tenemos el honor de dar inicio en las páginas de Norte Grande a esta Serie, que pretende recordar a los Precursores del pensamiento y el quehacer geográficos en nuestro país.\Como no es posible, por razones de espacio, llevar a cabo una detallada monografía sobre cada person...

Descripción completa

Detalles Bibliográficos
Autor principal: Ramírez Rivera, Hugo Rodolfo
Formato: Analitica de revista
Lenguaje:español
Publicado: Santiago, Chile Pontificia Universidad Católica de Chile 1986

MARC

LEADER 00000cab a2200000 a 4500
001 040762
003 UAHC_CL
005 20170803124508.0
008 051006b xx j 000 1 spa
040 |a UAHC_CL  |c UAHC_CL  |d UAHC_CL 
100 1 |a Ramírez Rivera, Hugo Rodolfo 
245 1 0 |a Fray Joseph Francisco Xavier de Guzmán y Lecaroz (1759-1840) y el chileno instruido en la historia topográfico, civil y política de su país /  |c Hugo Rodolfo Ramírez Rivera. 
260 |b Pontificia Universidad Católica de Chile  |c 1986  |a Santiago, Chile 
300 |a pp. 81-86 
500 |a En: Revista de geografía norte grande, n˚13, 1986. pp. 81-86. ISSN 0379-8682 
500 |a En: Revista de geografía norte grande, n°13, 1986. pp. 81-86. ISSN 0379-8682 
500 |a En: Revista de geografÌa norte grande, nç13, 1986. pp. 81-86. ISSN 0379-8682 
520 |a Con el siguiente estudio tenemos el honor de dar inicio en las páginas de Norte Grande a esta Serie, que pretende recordar a los Precursores del pensamiento y el quehacer geográficos en nuestro país.\Como no es posible, por razones de espacio, llevar a cabo una detallada monografía sobre cada personaje tratado, nos hemos tenido que constreñir a entregar unos sucintos apuntes biográficos que permitan al lector ubicarlos históricamente, para centrarnos con cierto detenimiento en su praxis.\Esperamos que los datos aquí aportados sean de utilidades a los interesados en esta ciencia, y estimulen a alguna pluma a redactar una Historia de la Geografía de Chile metódica y erudita, recatando del olvido nombres y documentos con el detenimiento que esto requiere. 
520 |a Con el siguiente estudio tenemos el honor de dar inicio en las páginas de Norte Grande a esta Serie, que pretende recordar a los Precursores del pensamiento y el quehacer geográficos en nuestro país.\Como no es posible, por razones de espacio, llevar a cabo una detallada monografía sobre cada personaje tratado, nos hemos tenido que constreñir a entregar unos sucintos apuntes biográficos que permitan al lector ubicarlos históricamente, para centrarnos con cierto detenimiento en su praxis.\Esperamos que los datos aquí aportados sean de utilidades a los interesados en esta ciencia, y estimulen a alguna pluma a redactar una Historia de la Geografía de Chile metódica y erudita, recatando del olvido nombres y documentos con el detenimiento que esto requiere. 
759 |a PP115 
773 0 |t Revista de geografía norte grande  |w 040513 
900 |a REV. GEOGR. NORTE GD.-13/86 
942 |c REVA 
952 |0 0  |1 0  |4 0  |6 REV___GEOGR__NORTE_GD_13_86_000000000000000  |7 0  |8 General  |9 76527  |a BC  |b BC  |c General  |d 2017-08-03  |l 0  |o REV. GEOGR. NORTE GD.-13/86  |p FICTICIO6101  |r 2019-01-08 00:00:00  |t 1  |w 2017-08-03  |y REVA 
999 |c 40762  |d 40762